Statistics for Complete the Card - WWE SummerSlam 2000

Click here to take the quiz!

General Stats

  • This quiz has been taken 302 times
  • The average score is 25 of 31

Answer Stats

Answer% Correct
Edge
98%
The Rock
98%
Triple H
98%
Jeff Hardy
97%
Matt Hardy
97%
Bubba Ray Dudley
96%
Christian
96%
D-Von Dudley
96%
Kurt Angle
95%
The Undertaker
94%
Kane
93%
Chris Jericho
90%
Chris Benoit
88%
Eddie Guerrero
88%
Chyna
87%
Rikishi
87%
Shane McMahon
80%
Scotty 2 Hotty
79%
Trish Stratus
77%
Grandmaster Sexay
76%
X-Pac
75%
Road Dogg
72%
Steve Blackman
64%
Steven Richards
60%
The Goodfather
60%
The Kat
60%
Val Venis
60%
Bull Buchanan
59%
Terri
55%
Tazz
53%
Jerry Lawler
45%

Score Distribution

Percentile by Number Answered

Percent of People with Each Score

Your Score History

You have not taken this quiz